Word Ladder: Frigid Mystery Theme Quiz Stats

Quiz Updated Nov 28, 2015

Challenge
Share
Tweet
Embed
Score 0/22 Timer 03:00
1 Play Today
Hint 4-Letter Word % Correct
Actress ____ BlanchettCATE
93.8%
ListenHEAR
92.9%
Baloo, Gentle Ben, or Pooh, e.g.BEAR
92.1%
At this placeHERE
90.9%
EmployHIRE
90%
Like bunnies and kittensCUTE
87.1%
Royal addressSIRE
86%
❅ 24 BEERS ❅❅ CASE ❅
84.5%
❅ SLICES ❅❅ CUTS ❅
83.3%
❅ ACHING ❅❅ SORE ❅
82.3%
❅ BARLEY POP ❅❅ BEER ❅
78%
Hint 4-Letter Word % Correct
Au naturaleBARE
76.8%
Gun barrel interior sizeBORE
71.7%
Sam that invented the revolverCOLT
68.7%
'All your ____ are belong to us.'BASE
68.5%
Borscht basicBEET
67.7%
❅ YARDSTICK INCREMENTS ❅❅ FEET ❅
66.7%
Ancient of IrelandCELT
63%
Gaggle of gnus?HERD
62.4%
❅ SPORTING GOODS BRAND ❅❅ HEAD ❅
60.8%
Non-woven fabricFELT
60.5%
❅ COMMON BOND ❅❅ COLD ❅
40.6%

Today's Daily Dose

Missing Word
Fruity Song Titles

Quick Pick
Double Blanks

On This Day
June 22nd II

You're not logged in!

Compare scores with friends on all Sporcle quizzes.
Join for Free
OR
Log In

You Might Also Like...

Show Comments

Extras

Top Quizzes Today


Score Distribution

Your Account Isn't Verified!

In order to create a playlist on Sporcle, you need to verify the email address you used during registration. Go to your Sporcle Settings to finish the process.

Report this User

Report this user for behavior that violates our Community Guidelines.

Details: